Wymień Wszystkich Aktualnych Mistrzów KSW - Statystyki

Ogólne statystyki
  • Ten quiz został rozwiązany 243 razy
  • Średni wynik to 4 z 6
Statystyki odpowiedzi
Hint Odpowiedź % Poprawnych
Waga Półciężka Tomasz Narkun
83%
Waga Cieżka Phil De Fries
79%
Waga Półśrednia Roberto Soldić
70%
Waga Średnia Mamed Khalidov
69%
Waga Kogucia Antun Racic
34%
Waga Piórkowa Salahdine Parnasse
34%
Nie znaleziono quizów pasujących do podanych kryteriów
Rozkład punktacji
Procent ludzi z każdym wynikiem
Percentyl według liczby udzielonych odpowiedzi
Twoja historia wyników
Nie rozwiązałeś tego quizu